MARC details
| 000 -CABECERA |
| campo de control de longitud fija |
01607nam a22002057a 4500 |
| 008 - DATOS DE LONGITUD FIJA--INFORMACIÓN GENERAL |
| campo de control de longitud fija |
250514b |||||||| |||| 00| 0 eng d |
| 020 ## - NÚMERO INTERNACIONAL ESTÁNDAR DEL LIBRO |
| Número Internacional Estándar del Libro |
9789063696115 |
| 040 ## - FUENTE DE LA CATALOGACIÓN |
| Centro/agencia transcriptor |
tbs |
| 041 ## - CÓDIGO DE LENGUA |
| Código de lengua del texto/banda sonora o título independiente |
eng |
| 050 ## - SIGNATURA TOPOGRÁFICA DE LA BIBLIOTECA DEL CONGRESO |
| Número de clasificación |
HM1196 |
| Número de documento/Ítem |
S76 2021 |
| 100 ## - ENTRADA PRINCIPAL--NOMBRE DE PERSONA |
| Nombre de persona |
Stones, Adam |
| 9 (RLIN) |
25239 |
| Término indicativo de función/relación |
author |
| 245 ## - MENCIÓN DE TÍTULO |
| Título |
Influence |
| Resto del título |
: powerful communications, positive change |
| Mención de responsabilidad, etc. |
/ Stones, Adam. |
| 260 ## - PUBLICACIÓN, DISTRIBUCIÓN, ETC. |
| Lugar de publicación, distribución, etc. |
Amsterdam, |
| Nombre del editor, distribuidor, etc. |
BIS Publishers, |
| Fecha de publicación, distribución, etc. |
2021. |
| 300 ## - DESCRIPCIÓN FÍSICA |
| Extensión |
224 pages : |
| Otras características físicas |
illustrations (color) ; |
| Dimensiones |
23 cm. |
| 520 ## - SUMARIO, ETC. |
| Sumario, etc. |
When you want to change the world, how do you get the world on board? Influence is the communications playbook changemakers, entrepreneurs and aspiring leaders everywhere have been waiting for. The book uniquely guides you through the Five Traits of Influence, step by step. You will activate your purpose, identify your audiences, build your brand, construct a communications plan and master core skills. These skills cover behaviour change, body language, persuasive conversations, killer content, storytelling, writing craft, PR and TED-standard public speaking. Inside, you will find expert insights, practical tools and handy quick-reference summaries. Accompanying all this is your personal Influence Canvas, where you can plot your progress. Additional resources can also be freely downloaded from the book's website. Whether you are flying solo or want to build up a business or movement, Influence will become your go-to coach for leading positive change through powerful communications. |
| 650 #0 - PUNTO DE ACCESO ADICIONAL DE MATERIA--TÉRMINO DE MATERIA |
| Término de materia o nombre geográfico como elemento de entrada |
Social influence |
| 9 (RLIN) |
9234 |
| 650 #0 - PUNTO DE ACCESO ADICIONAL DE MATERIA--TÉRMINO DE MATERIA |
| Término de materia o nombre geográfico como elemento de entrada |
Persuasion (Psychology) |
| 9 (RLIN) |
4289 |
| 650 #0 - PUNTO DE ACCESO ADICIONAL DE MATERIA--TÉRMINO DE MATERIA |
| Término de materia o nombre geográfico como elemento de entrada |
Communication |
| 9 (RLIN) |
1216 |
| 942 ## - ELEMENTOS DE ENTRADA AGREGADA (KOHA) |
| Fuente del sistema de clasificación o colocación |
Clasificación de Library of Congress |